[Event "Murmansk Basamro U16 4th"]
[Site "Murmansk"]
[Date "2016.10.07"]
[Round "3.2"]
[White "Novogenova, Anastasia"]
[Black "Vlachos, Anatole"]
[Result "0-1"]
[WhiteElo "1571"]
[BlackElo "2148"]
[PlyCount "88"]
[EventDate "2016.10.06"]
[EventType "team-tourn"]
[EventRounds "5"]
[EventCountry "RUS"]
[SourceTitle "EXT 2017"]
[Source "ChessBase"]
[SourceDate "2016.10.25"]
[SourceVersion "1"]
[SourceVersionDate "2016.10.25"]
[SourceQuality "1"]
[WhiteTeam "Murmansk Region"]
[BlackTeam "Paris"]
[WhiteTeamCountry "RUS"]
[BlackTeamCountry "FRA"]

1. d4 Nf6 2. c4 e6 3. Nc3 Bb4 4. Bd2 d5 5. e3 0-0 6. Nf3 Nbd7 7. Bd3 b6 8. 0-0 Bxc3 9. Bxc3 Bb7 10. Qe2 dxc4 11. Bxc4 Qe7 12. Rfd1 Rfd8 13. Rac1 Ne4 14. Be1 c5 15. dxc5 bxc5 16. Nd2 Nd6 17. Bb3 Rac8 18. Nc4 Nb6 19. Nxd6 Rxd6 20. Rxd6 Qxd6 21. f3 Bd5 22. Bxd5 exd5 23. Bf2 Nd7 24. Qd2 Nb6 25. Qa5 Nc4 26. Qc3 Nb6 27. Qa5 Qe7 28. Qc3 f6 29. Qd3 g6 30. Rd1 Qd7 31. Qc3 Kf7 32. Bg3 Qa4 33. Ra1 Ke6 34. a3 Kf7 35. b4 c4 36. e4 Qb3 37. Be1 Qxc3 38. Bxc3 Rd8 39. exd5 Rxd5 40. Be1 Rd3 41. Kf2 Ke6 42. Ke2 Kd5 43. Bf2 Na4 44. Rd1 Nc3+ 0-1

[Event "Voronezh op-B 20th"]
[Site "Voronezh"]
[Date "2016.06.21"]
[Round "9"]
[White "Krekoten, Vladimir"]
[Black "Novogenova, Anastasia"]
[Result "1-0"]
[WhiteElo "1747"]
[BlackElo "1545"]
[PlyCount "105"]
[EventDate "2016.06.12"]
[EventType "swiss"]
[EventRounds "9"]
[EventCountry "RUS"]
[SourceTitle "EXT 2017"]
[Source "ChessBase"]
[SourceDate "2016.10.25"]
[SourceVersion "1"]
[SourceVersionDate "2016.10.25"]
[SourceQuality "1"]

1. Nf3 Nf6 2. d4 g6 3. Bf4 Bg7 4. e3 d6 5. h3 Nbd7 6. Be2 0-0 7. 0-0 c5 8. c3 b6 9. Nbd2 Bb7 10. a4 a6 11. Bh2 Ne4 12. Nxe4 Bxe4 13. Ng5 Bb7 14. d5 e5 15. Ne4 Qe7 16. c4 f5 17. Nc3 Rab8 18. Qc2 Nf6 19. f3 Nd7 20. Kh1 Bh6 21. f4 e4 22. g3 Kh8 23. Bd1 g5 24. Qf2 Bc8 25. Rg1 Nf6 26. Ne2 b5 27. b3 bxc4 28. bxc4 Rb4 29. Rc1 Bd7 30. fxg5 Bxg5 31. Nf4 Ne8 32. Bh5 Ng7 33. Bd1 Bxa4 34. Bxa4 Rxa4 35. Qb2 Bf6 36. Qb6 Qd8 37. Qc6 Ra3 38. Rce1 Bc3 39. Re2 Be5 40. Rb1 Qe8 41. Bg1 Rg8 42. Rg2 a5 43. Rb7 Ra4 44. Qc7 Rb4 45. Ra7 a4 46. Ne6 Qh5 47. h4 Nxe6 48. dxe6 Bxg3 49. Rb7 Qxh4+ 50. Bh2 Rxb7 51. Qxb7 Bxh2 52. Rxg8+ Kxg8 53. Qf7+ 1-0